Charles H. Boyce papers, (Record no. 43740)

MARC details
000 -LEADER
fixed length control field 01230cpcaa2200301 4500
001 - CONTROL NUMBER
control field mm 82080192
003 - CONTROL NUMBER IDENTIFIER
control field DLC
005 - DATE AND TIME OF LATEST TRANSACTION
control field 20260227111716.0
008 - FIXED-LENGTH DATA ELEMENTS--GENERAL INFORMATION
fixed length control field 820422|||||||||||| eng
010 ## - LIBRARY OF CONGRESS CONTROL NUMBER
LC control number mm 82080192
040 ## - CATALOGING SOURCE
Original cataloging agency DLC
Transcribing agency DLC
Description conventions dacs
Modifying agency DLC
072 #7 - SUBJECT CATEGORY CODE
Subject category code W
Source lcmd
100 1# - MAIN ENTRY--PERSONAL NAME
Personal name Boyce, Charles H.
245 00 - TITLE STATEMENT
Title Charles H. Boyce papers,
Inclusive dates 1886-1932.
300 ## - PHYSICAL DESCRIPTION
Extent 10
Type of unit items.
506 0# - RESTRICTIONS ON ACCESS NOTE
Terms governing access Open to research.
520 8# - SUMMARY, ETC.
Summary, etc. A history of the 28th Regiment, New York State Volunteers. Relates to military activities in Maryland, Virginia, and West Virginia during the Civil War. Also includes several reunion badges and programs.
545 0# - BIOGRAPHICAL OR HISTORICAL DATA
Biographical or historical data Historian and soldier.
546 ## - LANGUAGE NOTE
Language note Collection material in English.
610 10 - SUBJECT ADDED ENTRY--CORPORATE NAME
Corporate name or jurisdiction name as entry element United States.
Subordinate unit Army.
-- New York Infantry Regiment, 28th (1861-1863)
651 #0 - SUBJECT ADDED ENTRY--GEOGRAPHIC NAME
Geographic name Maryland
General subdivision History
Chronological subdivision Civil War, 1861-1865.
651 #0 - SUBJECT ADDED ENTRY--GEOGRAPHIC NAME
Geographic name Virginia
General subdivision History
Chronological subdivision Civil War, 1861-1865.
651 #0 - SUBJECT ADDED ENTRY--GEOGRAPHIC NAME
Geographic name West Virginia
General subdivision History
Chronological subdivision Civil War, 1861-1865.
656 #7 - INDEX TERM--OCCUPATION
Occupation Historians.
Source of term itoamc
656 #7 - INDEX TERM--OCCUPATION
Occupation Soldiers.
Source of term itoamc

No items available.

Powered by Koha